Music Quiz

Random Music or Song Quiz
Score 0/30 Timer 09:00
0 Plays Today
Year Song % Correct
1982Eye Of The Tiger
73.6%
1991Enter Sandman
64.8%
1983Every Breath You Take
64%
1982Ebony And Ivory
60%
1966Eleanor Rigby
56%
1993Everybody Hurts
53.6%
1984Eat It
47.2%
1998Every Morning
46.4%
1992Even Flow
45.6%
1988Every Rose Has Its Thorn
45.6%
1985Everybody Wants To Rule The World
44%
1986Everybody Have Fun Tonight
43.2%
1990Epic
40.8%
1981Endless Love
39.2%
1989Eternal Flame
36%
Year Song % Correct
1983Electric Avenue
35.2%
1992End Of The Road
32%
1977Easy
30.4%
1964Eight Days A Week
24.8%
1982Edge Of 17
24%
1985Every Time You Go Away
20.8%
1982Eye In The Sky
18.4%
1969Evil Ways
15.2%
1984Eyes Without A Face
14.4%
1971Every Picture Tells A Story
11.2%
1982Empty Garden
8.8%
1955Earth Angel
8.8%
1980Emotional Rescue
8%
1980Every Woman In The World
8%
1984Emergency
5.6%
Come Together.
Have Fun.
All Virtual.
We all need to come together. Play Sporcle's virtual live trivia to have fun, connect with people, and get your trivia on. Join a live hosted trivia game for your favorite pub trivia experience done virtually. If a virtual private party is more your thing, go here for details.

You're not logged in!

Compare scores with friends on all Sporcle quizzes.
OR
Log In

Sporcle TV

Today on Sporcle TV


Watch our educational content, quiz creation guides, and fun videos on Sporcle TV.

Show Comments

Extras

Created Sep 28, 2009ReportNominate
Tags:Singers Quiz, Song Quiz, start

Top Quizzes Today


Score Distribution

Paid Content

Your Account Isn't Verified!

In order to create a playlist on Sporcle, you need to verify the email address you used during registration. Go to your Sporcle Settings to finish the process.

Report this User

Report this user for behavior that violates our Community Guidelines.

Details: